000 00678nam a2200229Ia 4500
003 OSt
005 20220926022049.0
006 a|||||r|||| 00| 0
007 ta
008 220923b |||||||| |||| 00| 0 eng d
037 _cGeneral Book
040 _aRTL
_cRTL
_beng
041 _2eng
_aeng
082 _aV1N45, 93:3.N86, M6/UN
110 _aUnited Nations
245 0 _aGeneral Committee
_b Official Records of the General Assembly thirty Ninth Session.
260 _aNew York
_bUnited Nations
_c1986
300 _aiii; 3p.
_ccm.
700 _aUnited Nations
942 _hV1N45, 93:3.N86, M6/UN
_cGB
_2CC
999 _c638394
_d638394